Mathématiques par lettre - Q - Statistiques

Statistiques générales
  • Ce quiz a été pris 325 fois
  • Le résultat moyen est 9 sur 15
Statistiques - réponses
Hint Réponse % Correct
Vaut 1/4 Quart
98%
Résultat de la division Quotient
94%
Carré de 9 Quatre vingt un
87%
Polygone à 4 côtés Quadrilatère
85%
Égal à la somme des trois premiers nombres premiers impairs Quinze
73%
Vaut 100 kg Quintal
68%
Qui ne présente aucune particularité Quelconque
66%
Partage une population en quatre parties de même effectif Quartile
51%
Peut être universel (quel que soit) ou existentiel (il existe) Quantificateur
46%
4ème nombre de Catalan Quatorze
40%
Évoque le second degré Quadratique
39%
Célèbre problème antique visant à construire un carré de surface égale à celle d'un disque avec une règle et un compas, qui est maintenant connu comme étant impossible Quadrature du cercle
31%
Sorte de nombre complexe à 4 composantes Quaternion
30%
Se dit de ce qui peut être dénombré ou mesuré Quantité
25%
Quatre éléments Quadruplet
19%
Aucun quiz correspondant
Distribution des résultats
% des personnes avec chaque résultat
Percentile par nombre de réponses
Votre historique - résultats
Vous n’avez pas pris ce quiz